000
00264nam a2200109Ia 4500
008
190216s9999||||xx |||||||||||||| ||und||
100
_a
Nanmatha Prasad
245
0
_a
Hindi-Manthayahar Ke Sayak
260
_b
Lok Chethaqna Prakashan
650
_a
Hindi
942
_c
BK
999
_c
15273
_d
15273